[Event "NCC-chB"]
[Site "Cyprus"]
[Date "2007.12.15"]
[Round "7"]
[White "Jebejian, Vahe"]
[Black "Fekkos, Marios"]
[Result "1/2-1/2"]
[WhiteElo "1776"]
[BlackElo "1800"]
[PlyCount "30"]
[EventDate "2007.11.24"]
[EventType "swiss"]
[EventRounds "7"]
[EventCountry "CYP"]
[SourceTitle "EXT 2024"]
[Source "ChessBase"]
[SourceDate "2023.10.10"]
[SourceVersion "1"]
[SourceVersionDate "2023.10.10"]
[SourceQuality "1"]

1. e4 e5 2. Nf3 Nc6 3. Bb5 a6 4. Ba4 b5 5. Bb3 Bb7 6. d3 h6 7. c3 Bc5 8. 0-0 Qe7 9. Re1 0-0-0 10. a4 b4 11. Be3 Nf6 12. Bxc5 Qxc5 13. Bxf7 Rdf8 14. Bb3 g5 15. Qd2 Qe7 1/2-1/2